000 01024nam a22002775i 4500
001 176534
003 ES-MaACL
005 20230906220117.0
008 110120s1958 sp a |||| | spa d
080 _a821.134.2-23"19"
100 1 _aRamos Martín, José.
_995332
245 1 0 _aDios te ampare
_b: entremés en prosa ; Los galgos : sainete en un acto ; La afición : sainete en un acto, dividido en dos cuadros ; El mejor de los mundos : entremés en prosa /
_coriginales de Antonio Ramos Martín.
250 _a2ª ed. de la obra El mejor de los mundos.
260 _aMadrid :
_b[s. n.],
_cD. L. 1958.
300 _a80 p. ;
_c17 cm.
490 1 _aBiblioteca teatral ;
_v35
500 _aAnteportada ilustrada.
500 _aEncuadernado con otros títulos.
597 _aEn el lomo: 25-94.
740 4 2 _aLos galgos.
740 3 2 _aLa afición.
740 3 2 _aEl mejor de los mundos.
830 0 _aBiblioteca teatral ;
_v35
_9190120
852 _aES-MaACL
_jE-14122 (35)
_xOlim P-302
999 _c176534
_d176534